000 00395nam a22001577a 4500
005 20170530110432.0
008 170530b xxu||||| |||| 00| 0 eng d
020 _a978-93-513-4185-7
041 _aeng
100 _aBEISER, ARTHUR AND OTHERS
_93859
245 _aCONCEPTS OF MODERN PHYSICS
250 _a7TH
260 _aNEW DELHI
_bMC GRAW HILL EDUCATION
_c2015
300 _a623
942 _cBK
999 _c5454
_d5452